000 00252nam a2200097Ia 4500
001 712157
005 20250826162822.0
008 250824s9999 xx 000 0 und d
245 0 _aMÜFETTİŞLER MÜFETTİŞİ 1
_cORHAN KEMAL
260 _bEVEREST YAYINLARI
999 _c712157
_d712157